Quantitative aptitude for comp. : (Record no. 137158)
[ view plain ]
| 000 -LEADER | |
|---|---|
| fixed length control field | 00683nam a2200205 4500 |
| 010 ## - LIBRARY OF CONGRESS CONTROL NUMBER | |
| LC control number | A-997679 |
| 035 ## - SYSTEM CONTROL NUMBER | |
| System control number | A-997679 |
| 037 ## - SOURCE OF ACQUISITION | |
| Source of stock number/acquisition | Cen Lib / Ret |
| 040 ## - CATALOGING SOURCE | |
| Original cataloging agency | DPL |
| Language of cataloging | EN |
| 082 ## - DEWEY DECIMAL CLASSIFICATION NUMBER | |
| Classification number | 513 |
| Item number | SHA |
| 100 ## - MAIN ENTRY--PERSONAL NAME | |
| Personal name | Sharma, K. K. |
| 245 ## - TITLE STATEMENT | |
| Title | Quantitative aptitude for comp. : |
| Remainder of title | fully solved / |
| Statement of responsibility, etc | by K. K. Sharma |
| 260 ## - PUBLICATION, DISTRIBUTION, ETC. (IMPRINT) | |
| Place of publication, distribution, etc | Meerut |
| Name of publisher, distributor, etc | Krishna Prakashan Media |
| 270 ## - ADDRESS | |
| Address | 11, Shivaji Road, Meerut |
| City | Meerut |
| Postal code | 250001 |
| 300 ## - PHYSICAL DESCRIPTION | |
| Extent | 292p ; |
| Dimensions | 24cm(Hb) |
| 650 ## - SUBJECT ADDED ENTRY--TOPICAL TERM | |
| Topical term or geographic name as entry element | Mathematics teachers -- Certification |
| 650 ## - SUBJECT ADDED ENTRY--TOPICAL TERM | |
| Topical term or geographic name as entry element | Mathematics -- Examinations -- Study guides. |
| 650 ## - SUBJECT ADDED ENTRY--TOPICAL TERM | |
| Topical term or geographic name as entry element | Mathematics -- Examinations, questions, etc. |
| 942 ## - ADDED ENTRY ELEMENTS (KOHA) | |
| Source of classification or shelving scheme | Dewey Decimal Classification |
| Koha item type | English Books |
| Classification part | 513 |
| Call number suffix | SHA |
| Withdrawn status | Lost status | Damaged status | Not for loan | Home library | Current library | Date acquired | Source of acquisition | Cost, normal purchase price | Total Checkouts | Full call number | Barcode | Date last seen | Copy number | Cost, replacement price | Price effective from | Koha item type |
|---|---|---|---|---|---|---|---|---|---|---|---|---|---|---|---|---|
| Withdrawn | Central Library | Central Library | 21/03/2016 | Cen Lib/Ret | 100.00 | 513 SHA | A-997679 | 21/03/2016 | 1 | 100.00 | 21/03/2016 | English Books |
